[Event "Hamburg HSK Christmas op 1st"]
[Site "Hamburg"]
[Date "2015.12.28"]
[Round "5"]
[White "Klaas, Heiko"]
[Black "Trapp, Hannes"]
[Result "1-0"]
[WhiteElo "1260"]
[BlackElo "1564"]
[PlyCount "51"]
[EventDate "2015.12.27"]
[EventType "swiss"]
[EventRounds "7"]
[EventCountry "GER"]
[SourceTitle "EXT 2022"]
[Source "ChessBase"]
[SourceDate "2021.10.06"]
[SourceVersion "1"]
[SourceVersionDate "2021.10.06"]
[SourceQuality "1"]

1. e4 e5 2. Nf3 Nc6 3. Bc4 Bc5 4. c3 Nf6 5. d4 exd4 6. cxd4 Bb4+ 7. Bd2 Bxd2+ 8. Nbxd2 0-0 9. 0-0 d6 10. Re1 Bg4 11. Qc2 Bxf3 12. Nxf3 Re8 13. Rad1 Re7 14. e5 dxe5 15. dxe5 Nd7 16. Ng5 g6 17. e6 fxe6 18. Nxe6 Rxe6 19. Bxe6+ Kf8 20. Rxd7 Qg5 21. Rf7+ Ke8 22. Bb3+ Ne5 23. f4 Rd8 24. fxg5 Rd6 25. Rxe5+ Kd8 26. Qxc7# 1-0